000 00476nam a22001937a 4500
003 MPLRDC
005 20220104123600.0
008 210129b ||||| |||| 00| 0 eng d
020 _a957-8663-15-3
082 _a573.07 SY
100 _a苏娅、贾鲁生著
245 _a白猫、黑猫
_c
250 _a初版
260 _a
_b新潮社文化事业有限公
_c1993
300 _b
490 _a新潮文库. 18
650 _a中国政治
942 _cBK
_o573.07 SY
999 _c12552
_d12542